Annabelle the drawing fairy / (Record no. 518)

MARC details
000 -LEADER
fixed length control field 02228cam a2200541 i 4500
005 - DATE AND TIME OF LATEST TRANSACTION
control field 20230516094005.0
020 ## - INTERNATIONAL STANDARD BOOK NUMBER
International Standard Book Number 9780545708302
Qualifying information pbk.
020 ## - INTERNATIONAL STANDARD BOOK NUMBER
International Standard Book Number 0545708303
Qualifying information pbk.
020 ## - INTERNATIONAL STANDARD BOOK NUMBER
International Standard Book Number 9781480672505
Qualifying information (Paw Prints)
020 ## - INTERNATIONAL STANDARD BOOK NUMBER
International Standard Book Number 1480672505
Qualifying information (Paw Prints)
040 ## - CATALOGING SOURCE
Original cataloging agency PAP
Language of cataloging eng
Transcribing agency PAP
Description conventions rda
Modifying agency PAP
-- OCLCO
-- BTCTA
-- HBP
-- OCP
-- OCLCO
-- JTH
-- UPZ
-- JTH
-- DAD
-- OCLCF
-- EHH
-- OCL
-- OCLCO
-- YDXCP
-- BDX
-- DLC
050 00 - LIBRARY OF CONGRESS CALL NUMBER
Classification number PZ7.M507
Item number Ane 2015
082 04 - DEWEY DECIMAL CLASSIFICATION NUMBER
Classification number 823.92
Edition number 23
100 1# - MAIN ENTRY--PERSONAL NAME
Personal name Meadows, Daisy,
Relator term author.
245 10 - TITLE STATEMENT
Title Annabelle the drawing fairy /
Statement of responsibility, etc. by Daisy Meadows.
300 ## - PHYSICAL DESCRIPTION
Extent 65 pages :
Other physical details illustrations ;
Dimensions 20 cm.
490 1# - SERIES STATEMENT
Series statement Rainbow magic. The magical crafts fairies ;
Volume/sequential designation 2
500 ## - GENERAL NOTE
General note Contains a special sneak peek of the next Rainbow magic adventures.
505 ## - FORMATTED CONTENTS NOTE
Formatted contents note M
520 ## - SUMMARY, ETC.
Summary, etc. Annabelle the drawing fairy needs Rachel and Kirsty's help to find her missing pencil sharpener in order to help keep Rainspell Island's Arts and Crafts Week on schedule.
521 2# - TARGET AUDIENCE NOTE
Target audience note 740 <br/>
Source Lexile
521 0# - TARGET AUDIENCE NOTE
Target audience note M <br/>
Source Raz-Plus
650 #0 - SUBJECT ADDED ENTRY--TOPICAL TERM
Topical term or geographic name entry element Tate, Kirsty (Fictitious character)
Form subdivision Juvenile fiction.
650 #0 - SUBJECT ADDED ENTRY--TOPICAL TERM
Topical term or geographic name entry element Walker, Rachel (Fictitious character)
Form subdivision Juvenile fiction.
650 #0 - SUBJECT ADDED ENTRY--TOPICAL TERM
Topical term or geographic name entry element Fairies
Form subdivision Juvenile fiction.
650 #0 - SUBJECT ADDED ENTRY--TOPICAL TERM
Topical term or geographic name entry element Magic
Form subdivision Juvenile fiction.
650 #0 - SUBJECT ADDED ENTRY--TOPICAL TERM
Topical term or geographic name entry element Drawing
Form subdivision Juvenile fiction.
650 #0 - SUBJECT ADDED ENTRY--TOPICAL TERM
Topical term or geographic name entry element Pencils
Form subdivision Juvenile fiction.
650 #1 - SUBJECT ADDED ENTRY--TOPICAL TERM
Topical term or geographic name entry element Tate, Kirsty (Fictitious character)
Form subdivision Fiction.
650 #1 - SUBJECT ADDED ENTRY--TOPICAL TERM
Topical term or geographic name entry element Walker, Rachel (Fictitious character)
Form subdivision Fiction.
650 #1 - SUBJECT ADDED ENTRY--TOPICAL TERM
Topical term or geographic name entry element Fairies
Form subdivision Fiction.
650 #1 - SUBJECT ADDED ENTRY--TOPICAL TERM
Topical term or geographic name entry element Twins
Form subdivision Fiction.
650 #1 - SUBJECT ADDED ENTRY--TOPICAL TERM
Topical term or geographic name entry element Magic
Form subdivision Fiction.
650 #1 - SUBJECT ADDED ENTRY--TOPICAL TERM
Topical term or geographic name entry element Drawing
Form subdivision Fiction.
650 #1 - SUBJECT ADDED ENTRY--TOPICAL TERM
Topical term or geographic name entry element Pencils
Form subdivision Fiction.
650 #7 - SUBJECT ADDED ENTRY--TOPICAL TERM
Topical term or geographic name entry element Drawing.
Source of heading or term fast
Authority record control number or standard number (OCoLC)fst00897725
650 #7 - SUBJECT ADDED ENTRY--TOPICAL TERM
Topical term or geographic name entry element Fairies.
Source of heading or term fast
Authority record control number or standard number (OCoLC)fst00919878
650 #7 - SUBJECT ADDED ENTRY--TOPICAL TERM
Topical term or geographic name entry element Magic.
Source of heading or term fast
Authority record control number or standard number (OCoLC)fst01005468
650 #7 - SUBJECT ADDED ENTRY--TOPICAL TERM
Topical term or geographic name entry element Pencils.
Source of heading or term fast
Authority record control number or standard number (OCoLC)fst01056841
650 #7 - SUBJECT ADDED ENTRY--TOPICAL TERM
Topical term or geographic name entry element Tate, Kirsty (Fictitious character)
Source of heading or term fast
Authority record control number or standard number (OCoLC)fst01748294
650 #7 - SUBJECT ADDED ENTRY--TOPICAL TERM
Topical term or geographic name entry element Walker, Rachel (Fictitious character)
Source of heading or term fast
Authority record control number or standard number (OCoLC)fst01748295
655 #7 - INDEX TERM--GENRE/FORM
Genre/form data or focus term Fiction.
Source of term fast
Authority record control number or standard number (OCoLC)fst01423787
655 #7 - INDEX TERM--GENRE/FORM
Genre/form data or focus term Juvenile works.
Source of term fast
Authority record control number or standard number (OCoLC)fst01411637
906 ## - LOCAL DATA ELEMENT F, LDF (RLIN)
a 7
b cbc
c copycat
d 2
e ncip
f 20
g y-gencatlg
942 ## - ADDED ENTRY ELEMENTS (KOHA)
Source of classification or shelving scheme Dewey Decimal Classification
Koha item type Books
Suppress in OPAC No
999 ## -
-- 518
-- 518
Holdings
Withdrawn status Lost status Source of classification or shelving scheme Damaged status Not for loan Collection Home library Current library Shelving location Date acquired Total Checkouts Full call number Barcode Date last seen Date last checked out Price effective from Koha item type
    Dewey Decimal Classification     Juvenile Fiction Footprints International School Library Network Toul Kork Campus Footprints International School Library Network Toul Kork Campus TK Primary Library Room(4th Floor), Bookcase 5&6, Shelves 33-56, Orange Books 05/16/2023 2 MEA 823.92 PZ7.M507 FISTK00273 07/18/2025 06/30/2025 05/16/2023 Books